[Event "Zalakaros op 23rd"]
[Site "Zalakaros"]
[Date "2004.05.22"]
[Round "9"]
[White "Plecsko, Zoltan"]
[Black "Meshcheriakova, Evgenia"]
[Result "1-0"]
[WhiteElo "2113"]
[BlackElo "2206"]
[PlyCount "113"]
[EventDate "2004.05.14"]
[EventType "swiss"]
[EventRounds "9"]
[EventCountry "HUN"]
[SourceTitle "EXT 2008"]
[Source "ChessBase"]
[SourceDate "2007.11.25"]
[SourceVersion "1"]
[SourceVersionDate "2007.11.25"]
[SourceQuality "1"]

1. Nf3 Nf6 2. b3 b5 3. g3 Bb7 4. Bg2 e6 5. Bb2 Be7 6. 0-0 0-0 7. d3 b4 8. e4 d6 9. Nbd2 Nbd7 10. Nc4 Nc5 11. Na5 Qd7 12. a3 Qb5 13. axb4 Qxb4 14. Nd4 c6 15. Ndxc6 Bxc6 16. Nxc6 Qb7 17. Nxe7+ Qxe7 18. e5 Nd5 19. exd6 Qxd6 20. d4 Nd7 21. Ba3 Qb6 22. Bxf8 Rxf8 23. Qd2 Rc8 24. c4 N5f6 25. Rfb1 h6 26. c5 Qb8 27. b4 Nd5 28. b5 N7f6 29. Ra5 Rc7 30. Rba1 Kh7 31. Qe2 g6 32. Qe5 Nd7 33. Qd6 N5f6 34. b6 Nxb6 35. Bf1 Nbd5 36. Rb5 Qe8 37. Rb3 Ne4 38. Qe5 Nd2 39. Rba3 Rb7 40. Qe1 Nxf1 41. Rxa7 Nxh2 42. Kxh2 Rb2 43. R1a2 Rb8 44. Qe5 Kg8 45. Qxb8 Qxb8 46. Ra8 Qxa8 47. Rxa8+ Kg7 48. Ra7 Kf8 49. Kg2 Ke8 50. Kf3 h5 51. Ke4 f6 52. f4 Nc3+ 53. Kd3 Nd5 54. Kc4 h4 55. g4 Nxf4 56. c6 Kd8 57. Kc5 1-0

[Event "Zalakaros op 23rd"]
[Site "Zalakaros"]
[Date "2004.05.17"]
[Round "4"]
[White "Csala, Imre"]
[Black "Plecsko, Zoltan"]
[Result "0-1"]
[WhiteElo "2252"]
[BlackElo "2113"]
[PlyCount "66"]
[EventDate "2004.05.14"]
[EventType "swiss"]
[EventRounds "9"]
[EventCountry "HUN"]
[SourceTitle "EXT 2008"]
[Source "ChessBase"]
[SourceDate "2007.11.25"]
[SourceVersion "1"]
[SourceVersionDate "2007.11.25"]
[SourceQuality "1"]

1. d4 d5 2. c4 dxc4 3. Nc3 Nf6 4. e3 e6 5. Bxc4 c5 6. Nf3 a6 7. a4 Nc6 8. 0-0 cxd4 9. exd4 Be7 10. Qe2 0-0 11. Rd1 Nb4 12. Ne5 Nfd5 13. a5 Bd7 14. Qg4 f5 15. Qe2 Be8 16. Nd3 Bf7 17. Nf4 Nxf4 18. Bxf4 Nd5 19. Bxd5 exd5 20. Na4 Bd6 21. Bxd6 Qxd6 22. Nc5 Qc6 23. Qf3 g6 24. Rd3 b6 25. axb6 Qxb6 26. Rb3 Qc6 27. Qf4 Rfe8 28. h4 Qf6 29. Rb7 a5 30. g3 Re7 31. Nd7 Qc6 32. Rc7 Qe6 33. Qg5 Rxd7 0-1

[Event "HUN-chT2 Charousek 0304"]
[Site "Hungary"]
[Date "2003.11.16"]
[Round "3"]
[White "Plecsko, Zoltan"]
[Black "Nagy, Ferenc"]
[Result "1/2-1/2"]
[WhiteElo "2127"]
[BlackElo "2052"]
[PlyCount "41"]
[EventDate "2003.09.28"]
[EventType "team"]
[EventRounds "11"]
[EventCountry "HUN"]
[SourceTitle "EXT 2005"]
[Source "ChessBase"]
[SourceDate "2004.11.15"]
[SourceVersion "1"]
[SourceVersionDate "2004.11.15"]
[SourceQuality "1"]

1. e4 c6 2. d4 d5 3. exd5 cxd5 4. c4 Nf6 5. Nc3 Nc6 6. Nf3 Bg4 7. cxd5 Nxd5 8. Qb3 Bxf3 9. gxf3 e6 10. Qxb7 Nxd4 11. Bb5+ Nxb5 12. Qc6+ Ke7 13. Qxb5 Qd7 14. Nxd5+ Qxd5 15. Qxd5 exd5 16. 0-0 Ke6 17. Re1+ Kf5 18. Rd1 Rd8 19. Be3 Rd7 20. Rd3 Be7 21. Rad1 1/2-1/2